=LDR 00000nam 2200000 4500 =001 INLIS000000000038281 =005 20130612143944 =008 ***********************************Ind** =035 ##$$0010-061300000038281 =041 ##$$a Ind =082 ##$$a 641.8 =090 ##$$a 641.8, Ane a =245 ##$$a Aneka martabak telur panggang, Editor, Intarina Hardiman =260 ##$$a 2011 $b Jakarta =300 ##$$a 56 hlm, Ilus, 21 cm =650 ##$$a Hidangan Tambahan(Martabak) =700 ##$$a Hardiman, Intarina =850 ##$$a NBPNMAT =990 ##$$a 01600160 =990 ##$$a 01201900160